000 01042nam a22003017a 4500
003 CHAP
005 20220329133955.0
008 971013s1946 r 00010 d
010 _a13466
011 _a14438
035 _a18512
040 _cCHAP
082 _a973
_bB43Y
100 0 0 _aBeard, Charles Austin.
_911071
245 _aHistoria de la civilización de los Estados Unidos de Norte América, desde sus orígenes hasta el presente
260 _aBuenos Aires :
_bKraft,
_c1946
300 _a4 v.
505 _aContenido : v.1-2 La era agrícola v.3-4 La era industial
590 _aBATCH-UPD
_b10
_c20130110
_lUCH01
_h1934
590 _aCONVERSION
_b10
_c20130109
_lUCH01
_h1309
650 1 4 _aE.U.A.
_xHistoria.
_934843
901 _aBK
942 _cLIBRO
949 _a973 B43Y
_bBC
_cBPA
_d-43205
_eBPA
_fv.1
_h25910
_i18512
_si
949 _a973 B43Y
_bBC
_cBPA
_d-43206
_eBPA
_fv.2
_h25911
_i18512
_si
949 _a973 B43Y
_bBC
_cBPA
_d-43208
_eBPA
_fv.3
_h25912
_i18512
_si
949 _a973 B43Y
_bBC
_cBPA
_d-43209
_eBPA
_fv.4
_h25913
_i18512
_si
999 _c13466
_d13466